Statystyki dla Funkcje trygonometryczne

Kliknij tutaj aby rozwiązać quiz!

Ogólne statystyki

  • Ten quiz został rozwiązany 76 razy
  • Średni wynik to 3 z 6

Statystyki odpowiedzi

Opis na bazie trójkąta prostokątnegoOpis na bazie punktu okręgu jednostkowego o środku w początku układu współrzędnychNazwa funkcji% Poprawnych
Stosunek długości przyprostokątnej naprzeciw kąta do przeciwprostokątnejStosunek współrzędnej y punktu do promieniaSinus
85%
Stosunek długości przyprostokątnej naprzeciw kąta do drugiej przyprostokątnejStosunek współrzędnej y punktu do jego współrzędnej xTangens
72%
Stosunek długości przyprostokątnej przy kącie do przeciwprostokątnejStosunek współrzędnej x punktu do promieniaCosinus
70%
Stosunek długości przyprostokątnej przy kącie do drugiej przyprostokątnejStosunek współrzędnej x punktu do jego współrzędnej yCotangens
53%
Stosunek długości przeciwprostokątnej do przyprostokątnej naprzeciw kątaStosunek promienia do współrzędnej y punktuCosecans
28%
Stosunek długości przeciwprostokątnej do przyprostokątnej przy kącieStosunek promienia do współrzędnej x punktuSecans
28%

Rozkład punktacji

Percentyl według liczby udzielonych odpowiedzi

Procent ludzi z każdym wynikiem

Twoja historia wyników

Nie rozwiązałeś tego quizu